000 01309nam a22003737a 4500
003 CHAP
005 20220329134523.0
008 971013s1977 r 00010 d
010 _a21549
011 _a22521
035 _a26616
040 _cCHAP
090 _aTesis
100 0 0 _aBouchot Alfaro, Alfredo.
_914728
245 _aEvolución de la estructura socioeconómica del sector ejidal en el Valle del Yaqui, Son.
260 _aMéxico, D. F. :
_bEl autor,
_c1977
300 _a319 p.
_b: ilus. ; gráfs.
502 _aTesis (Lic. en Economía) -- UNAM. Facultad de Economía
590 _aALEPH
_b10
_c20130110
_lUCH01
_h1246
590 _aBATCH-UPD
_b10
_c20130110
_lUCH01
_h0007
590 _aBATCH-UPD
_b10
_c20130110
_lUCH01
_h1827
590 _aBATCH-UPD
_b10
_c20130410
_lUCH01
_h1200
590 _aBATCH-UPD
_b10
_c20130914
_lUCH01
_h0744
590 _aCONVERSION
_b10
_c20130109
_lUCH01
_h1313
650 1 4 _aEjidos
_xSonora.
_936030
650 1 4 _aSonora
_xCondiciones económicas.
_9108580
650 1 4 _aSonora
_xCondiciones rurales.
_9108581
650 1 4 _aSonora
_xCondiciones sociales.
_9108582
700 0 _aTorres y Carral, José Alfonso.
_9114273
901 _aBK
942 _cFOLL
949 _bBC
_cTES
_d-61283
_eTS1
_h17995
_i26616
_si
949 _bBC
_cTES
_d-61284
_eTS2
_fc.2
_h20638
_i26616
_si
999 _c21549
_d21549